| 000 | 00366nam a22001337a 4500 | ||
|---|---|---|---|
| 005 | 20180305131552.0 | ||
| 008 | 170810b xxu||||| |||| 00| 0 eng d | ||
| 040 | _cPK-LaUMT | ||
| 082 |
_aZIAC 297.04 _bESS- |
||
| 245 |
_aEssays on Islam _bfelicitation voluem/ _cHakim Mohammed Said |
||
| 260 |
_aKarachi: _bHamdard foundation, _c1992 |
||
| 300 | _a346 p. | ||
| 942 | _cBK | ||
| 999 |
_c96854 _d96854 |
||